| 000 | 00362nam a22001457a 4500 | ||
|---|---|---|---|
| 005 | 20160521120707.0 | ||
| 008 | 160521b xxu||||| |||| 00| 0 eng d | ||
| 041 | _aeng | ||
| 082 | _b3741 | ||
| 245 | _aUniversal Engineering Q.B. (Engineering Mechanics) | ||
| 260 |
_bDeepak Prakashan _c2003 |
||
| 300 | _a220 | ||
| 650 |
_aDIPLOMA ENGINEERING _9817 |
||
| 942 | _cBK | ||
| 999 |
_c1297 _d1297 |
||